Phases finales de la Coupe du monde de rugby 1995. - Statistiques

Statistiques générales
  • Ce quiz a été pris 142 fois
  • Le résultat moyen est 7 sur 8
Statistiques - réponses
Nations % Correct
France
100%
Angleterre
99%
Nouvelle-Zélande
99%
Afrique du Sud
97%
Écosse
95%
Irlande
95%
Australie
94%
Samoa occidentales
70%
Aucun quiz correspondant
Distribution des résultats
% des personnes avec chaque résultat
Percentile par nombre de réponses
Votre historique - résultats
Vous n’avez pas pris ce quiz